000 00968nam a2200229 a 4500
005 20221019063632.0
008 991125 000 0 spa u
035 _aUPN01000051377
049 _aCG
050 4 _aD16.8
_aS3.3801
100 1 _aSchaff, Adam,
_d1913-2006
_929973
245 1 3 _aLa relación cognoscitiva ; El proceso de conocimiento ; La verdad /
_cAdam Schaff.
300 _ap. 73-105.
520 _aEn: Historia y verdad : ensayo sobre la objetividad del conocimiento histórico / Adam Schaff ; tr. Ignasi Vidal Sanfeliu. -- México : Grijalbo, 1974
500 _aTítulo de la cubierta: Fundamentos del conocimiento científico : lectura no. 1
500 _aA la cabeza de la cubierta: Universidad Pedagógica Nacional. Area de Investigación. Maestrías
520 _aFotocopias
650 2 _aInvestigación histórica
_98207
710 2 _aUniversidad Pedagógica Nacional (México)
740 2 _aEl proceso de conocimiento
905 _aLibro
999 _c51377
_d51377